Statistiques concernant Quiz sur la Corée du Nord

Cliquez ici pour prendre le quiz!

Statistiques générales

  • Ce quiz a été pris 4 057 fois
  • Le résultat moyen est 12 sur 20

Statistiques - réponses

QuestionRéponse% Correct
La Corée du Nord est techniquement toujours en guerre avec ce paysCorée du Sud
95%
Dynastie qui est au pouvoir depuis 1948Kim
95%
CapitalePyongyang
94%
Pays avec lequel la Corée du Nord possède une frontière de 17 kilomètresRussie
87%
La Corée du Nord dépenserait 13 à 23 % de son PIB dans ce secteurMilitaire
79%
Dirigeant suprême (depuis 2011)Jong-un
75%
Désastre qui a frappé la Corée du Nord entre 1994 et 1998Famine
69%
Depuis 2011, la constitution nord-coréenne ne fait plus mention de cette idéologieCommunisme
68%
Armes que la Corée du Nord teste régulièrement depuis 2006Armes nucléaires
63%
Le ___ du Premier-Mai est le plus grand ___ du monde, avec ses 150 000 placesStade
62%
Dirigeant suprême (1994 - 2011)Jong-il
61%
La Corée du Nord retiendrait plus de 200 000 ___ dans ses camps de concentrationPrisonniers {politiques}
58%
Dirigeant suprême (1948 - 1994)Il-sung
54%
Ville étrangère où se situe la plupart des ambassades étrangères de Corée du NordPékin
53%
Mer située entre la Corée du Nord et la ChineMer Jaune
47%
Statut religieux officiel de la Corée du Nord{Athéisme} d'État
23%
En 1978, la Corée du Nord a kidnappé Shin Sang-ok et
Choi Eun-hee dans l'optique de les forcer à produire ceci
Des films de
propagande
23%
Idéologie officielle de la Corée du NordJ{uche}
18%
Plus haut bâtiment de Corée du Nord dont la construction est en cours depuis 1987{Hôtel} Ryugyong
17%
Surnom donné à la Corée du Nord, en raison de son isolement permanentRoyaume {Ermite}
11%

Distribution des résultats

Percentile par nombre de réponses

% des personnes avec chaque résultat

Votre développement - résultats

Vous n’avez pas pris ce quiz